000 01093nam a2200229Ii 4500
003 JO-AjNU
008 230605s9999||||xx |||||||||||||| ||und||
017 _a2010/9/3393
020 _a978-9957-19-040-8
040 _aJO-AjNU
_bara
_erda
_cJO-AjNU
041 _aara
050 1 4 _aDS36.88.A425 211
100 3 _aنافعة، حسن ... وآخرون؛ مراجعة وتقديم فيصل دزاج,
_eauthor
_946272
245 0 0 _aالعالم العربي ومعضلاته والإصلاح المنشود
250 _aط1
264 3 1 _aعمان: بيروت: مؤسسة عبد الحميد شومان، المؤسسة العربية للدراسات والنشر،2011
300 _a290ص
_bيشتمل على مراجع ببلوغرافية
336 _atext
_btxt
_2rdacontent
337 _aunmediated
_bn
_2rdamedia
338 _avolume
_bnc
_2rdacarrier
650 4 _aالاصلاحات السياسية - الاحوال الاجتماعية - سياسة وحكومة - احوال اقتصادية - التغيير الاجتماعي - البلاد العربية - القرن 21
_946273
999 _aA20117
_c23685
_d23685